| 000 | 01585aam a2200313 4500 | ||
|---|---|---|---|
| 001 | 19432 | ||
| 003 | CO-MdFUSB | ||
| 005 | 20190202100516.0 | ||
| 008 | 170220t1986 enk||||g |||| 00| 0 eng d | ||
| 020 | _a0-334-02353-X | ||
| 040 |
_aCO-MdFUSB _bspa _cCO-MdFUSB _dCO-MdFUSB _erda |
||
| 041 | _aeng | ||
| 082 |
_224 _aG 262 _bM173t |
||
| 100 | 1 |
_aMacquarrie, John _eautor |
|
| 245 | 0 | 0 |
_aTheology, church and ministry _c/ John Macquarrie |
| 264 | 1 |
_aLondon : _bSCM Press, _c℗[1986] |
|
| 264 | 4 | _c©1986 | |
| 300 |
_a211 páginas _c; 22 cm. |
||
| 336 |
_2rdacontent _a1 _ba1 |
||
| 337 |
_2rdamedia _a2 _b5 |
||
| 338 |
_2rdacarrier _a2 _b5 |
||
| 501 | _aIncluye notas (páginas: 205- 211) | ||
| 505 | 0 | 0 | _aPeregrinación en teología - Teología e ideología - El final del empirismo? - La teología sistemática y estudios bíblicos - Tradición, la verdad y la cristología - El enfoque antropológico a la teología - Dios en la experiencia y el argumento - La idea de una teología de la naturaleza - La tradición teológica anglicana - Orgullo en la iglesia - La idea de un pueblo de Dios - El encuentro de las religiones en el mundo moderno: Oportunidades y peligros - El uno y los muchos: Algunas implicaciones para la religión - Compromiso y apertura: El cristiano y otras religiones - La iglesia y el ministerio - El obispo y el teólogo - La ordenación de las mujeres al sacerdocio - La política como ministerio laico |
| 540 | _aRústico | ||
| 650 | 7 |
_9395 _aIglesia _xTeología |
|
| 650 | 0 |
_aTeología práctica _9180 |
|
| 942 | _cBK | ||
| 999 |
_c45797 _d45797 |
||